Unique Starting European Countries Quiz Stats

 Plays Quiz Updated Aug 26, 2016

Challenge
Share
Tweet
Embed
Score 0/6 Timer 01:00
10 Plays Today
% Correct
DDenmark
98.2%
EEstonia
91.8%
HHungary
88.5%
VVatican City
86.3%
KKosovo
80.1%
TTurkey
79.5%

You're not logged in!

Compare scores with friends on all Sporcle quizzes.
Join for Free
OR
Log In

You Might Also Like...

Show Comments

Extras

Top Quizzes Today


Score Distribution

Your Account Isn't Verified!

In order to create a playlist on Sporcle, you need to verify the email address you used during registration. Go to your Sporcle Settings to finish the process.

Report this User

Report this user for behavior that violates our Community Guidelines.

Details: